Dictionary of architectural and building technology (Record no. 103632)

MARC details
000 -LEADER
fixed length control field 01590cad a22004455a 4500
001 - CONTROL NUMBER
control field L126691
008 - FIXED-LENGTH DATA ELEMENTS--GENERAL INFORMATION
fixed length control field 040705s2004 xxk f 000 0 eng d
020 ## - INTERNATIONAL STANDARD BOOK NUMBER
International Standard Book Number 0415312345
035 ## - SYSTEM CONTROL NUMBER
System control number (Sirsi) u126691
041 ## - LANGUAGE CODE
Language code of text/sound track or separate title eng
050 ## - LIBRARY OF CONGRESS CALL NUMBER
Classification number 720.03 $2 18
100 ## - MAIN ENTRY--PERSONAL NAME
Personal name Cowan, Henry J
245 ## - TITLE STATEMENT
Title Dictionary of architectural and building technology
250 ## - EDITION STATEMENT
Edition statement 4th ed.
260 ## - PUBLICATION, DISTRIBUTION, ETC.
Place of publication, distribution, etc. London
Name of publisher, distributor, etc. Spon
Date of publication, distribution, etc. 2004
300 ## - PHYSICAL DESCRIPTION
Extent xiv, 338p.
Other physical details ill.
Dimensions 24cm.
350 ## - PRICE (NR) (BK AM CF MU VM SE) [OBSOLETE]
Price 25
520 ## - SUMMARY, ETC.
Summary, etc. Provides a comprehensive summary of vocabulary used across the building industry. Covers the preparation of the brief through architectural and technical design and documentation, construction technology and facilities management. This fourth edition has added 1750 new or substantially revised entries, and over 330 of the existing entries have been updated. There are 70 additional illustrations. International standard metric and Imperial units are used. Includes some line drawings.
521 20 - TARGET AUDIENCE NOTE
Target audience note Advanced
650 ## - SUBJECT ADDED ENTRY--TOPICAL TERM
Topical term or geographic name entry element ARCHITECTURE
650 ## - SUBJECT ADDED ENTRY--TOPICAL TERM
Topical term or geographic name entry element ARCHITECTURAL DESIGN
650 ## - SUBJECT ADDED ENTRY--TOPICAL TERM
Topical term or geographic name entry element DICTIONARIES
650 ## - SUBJECT ADDED ENTRY--TOPICAL TERM
Topical term or geographic name entry element CONSTRUCTION TECHNOLOGY
650 ## - SUBJECT ADDED ENTRY--TOPICAL TERM
Topical term or geographic name entry element BUILDING TERMS
651 #4 - SUBJECT ADDED ENTRY--GEOGRAPHIC NAME
Geographic name International
690 ## - LOCAL SUBJECT ADDED ENTRY--TOPICAL TERM (OCLC, RLIN)
Topical term or geographic name as entry element BUILT ENVIRONMENT
700 ## - ADDED ENTRY--PERSONAL NAME
Personal name Smith, Peter R
700 ## - ADDED ENTRY--PERSONAL NAME
Personal name Chow, W. K.
700 ## - ADDED ENTRY--PERSONAL NAME
Personal name Fricke, Fergus R.
700 ## - ADDED ENTRY--PERSONAL NAME
Personal name Holland, Graham E.
700 ## - ADDED ENTRY--PERSONAL NAME
Personal name Julian, Warren G
700 ## - ADDED ENTRY--PERSONAL NAME
Personal name Leifer, David
700 ## - ADDED ENTRY--PERSONAL NAME
Personal name Marsh, Cedric
700 ## - ADDED ENTRY--PERSONAL NAME
Personal name Noble, Douglas
700 ## - ADDED ENTRY--PERSONAL NAME
Personal name Rowe, David
700 ## - ADDED ENTRY--PERSONAL NAME
Personal name Szokolay, Steven
700 ## - ADDED ENTRY--PERSONAL NAME
Personal name Tuzman, Ayca
942 ## - ADDED ENTRY ELEMENTS (KOHA)
Suppress in OPAC 0
Holdings
Withdrawn status Lost status Source of classification or shelving scheme Damaged status Not for loan Home library Current library Shelving location Date acquired Cost, normal purchase price Total Checkouts Full call number Barcode Date last seen Date last checked out Copy number Cost, replacement price Price effective from Koha item type
    Dewey Decimal Classification     London London Books 14/07/2004 25.00 12 720.03 COW 30069353 06/08/2019 22/02/2008 1 25.00 06/08/2019 Book